000 00309nam a22001337a 4500
020 _a9781451612578
041 _aENG
100 _aCarnegie.D
245 _aHow to win Friends & in fluence People
260 _aNew Delhi
_bSimon
_c2015
300 _a245
650 _aCompetitive Eaxm
856 _uCompetitive Eaxm
999 _c94
_d94